00869 2200205 4500001002100000005001500021035002000036008004100056082001300097090001900110100001600129245007900145260003700224300002100261500031800282650001400600650001400614084001900628990001600647INLIS00000000000120920260425041316 a0010-0521001209260425 g 0 dut  a908(910) a908(910) WON i0 aWOUTERS, D.1 aInsulinde : Schetsen van land en volk van Nederlandsch-Indie /cD. Wouters aGroningen :bP. Noordhoff,c1924 a835 p. ;c20 cm. aKumpulan karangan dari beberapa penulis Belanda mengenai kehidupan sehari-hari penduduk Indonesia dan pengalaman penulis ketika berhubungan dengan penduduk asli. A collection of essays from some authors of the Dutch on daily life of the Indonesian people and the author's experience when dealing with the natives. 4aGEOGRAPHY 4aINDONESIA a908(910) WOU i a00000005732